[Event "Aligarh Pavna op"]
[Site "Aligarh"]
[Date "2016.05.21"]
[Round "8"]
[White "Choubey, Saurabh"]
[Black "Jaspreet, Singh"]
[Result "0-1"]
[WhiteElo "1549"]
[BlackElo "1739"]
[PlyCount "31"]
[EventDate "2016.05.17"]
[EventType "swiss"]
[EventRounds "9"]
[EventCountry "IND"]
[SourceTitle "CBM 172 Extra"]
[Source "ChessBase"]
[SourceDate "2016.06.21"]
[SourceVersion "1"]
[SourceVersionDate "2016.06.21"]
[SourceQuality "1"]

1. d4 d5 2. Bf4 e6 3. e3 f5 4. Nf3 Nf6 5. c4 c6 6. Nc3 Be7 7. Ne5 0-0 8. Bd3 Nbd7 9. c5 Nxe5 10. Bxe5 b5 11. b4 a5 12. a3 Ne4 13. Nxb5 cxb5 14. Bxb5 Nc3 15. Qd3 axb4 16. 0-0 0-1